ბათუმის შოთა რუსთაველის სახელმწიფო უნივერსიტეტის ბიბლიოთეკა

საბიბლიოთეკო დოკუმენტების აღრიცხვა, დამუშავება და სისტემატიზაცია. მეთოდურ-ინსტრუქციული წერილი (ბიბ.ჩანაწერი № 52120)

000 -LEADER
fixed length control field 01360nam a2200253Ia 4500
001 - CONTROL NUMBER
control field 19127
003 - CONTROL NUMBER IDENTIFIER
control field GE_BSU
008 - FIXED-LENGTH DATA ELEMENTS--GENERAL INFORMATION
fixed length control field 181216s||||||||xx |||||||||||||| ||und||
040 ## - CATALOGING SOURCE
Transcribing agency GE_BSU
080 ## - UNIVERSAL DECIMAL CLASSIFICATION NUMBER
Universal Decimal Classification number 025.2
245 ## - TITLE STATEMENT
Title საბიბლიოთეკო დოკუმენტების აღრიცხვა, დამუშავება და სისტემატიზაცია. მეთოდურ-ინსტრუქციული წერილი
245 ## - TITLE STATEMENT
Statement of responsibility, etc. შემდგ. ნ. ქავთარაძე. რედ. გ. თაყნიაშვილი
250 ## - EDITION STATEMENT
Edition statement საქ. პარლამ. ეროვნული ბიბლიოთეკა
260 ## - PUBLICATION, DISTRIBUTION, ETC.
Place of publication, distribution, etc. თბილისი
260 ## - PUBLICATION, DISTRIBUTION, ETC.
Name of publisher, distributor, etc. საქ. პარლამ. ეროვნული ბიბლიოთეკა
260 ## - PUBLICATION, DISTRIBUTION, ETC.
Date of publication, distribution, etc. 2013
300 ## - PHYSICAL DESCRIPTION
Extent 70გვ.
653 ## - INDEX TERM--UNCONTROLLED
Uncontrolled term ბიბლიოთეკარი
653 ## - INDEX TERM--UNCONTROLLED
Uncontrolled term საბიბლიოთეკო დოკუმენტების აღრიცხვა, დამუშავება და სისტემატიზაცია. მეთოდურ-ინსტრუქციული წერილი
653 ## - INDEX TERM--UNCONTROLLED
Uncontrolled term საბიბლიოთეკო საქმე
653 ## - INDEX TERM--UNCONTROLLED
Uncontrolled term ქსეროქსი
942 ## - ADDED ENTRY ELEMENTS (KOHA)
Koha item type წიგნი
ეგზემპლარები
Withdrawn status Lost status Damaged status Not for loan Date acquired Barcode Date last seen Price effective from Koha item type Public note
        2018-12-17 00376 ქსეროქსი 2018-12-17 2018-12-17 წიგნი ქსეროქსი